駅利用者数ランキングTOP50(広島県) - Statistics

General Stats
  • This quiz has been taken 205 times
  • The average score is 26 of 50
Answer Stats
駅名 利用者数 % Correct
1 広島 166959
100%
36 5998
100%
2 福山 38310
97%
9 17914
96%
19 尾道 9396
93%
17 三原 10882
91%
8 海田市 18804
87%
20 宮島口 9008
86%
4 新白島 34829
84%
3 横川 35235
82%
11 西条 16844
82%
29 廿日市 7220
81%
12 西広島 16174
75%
5 五日市 23328
74%
10 天神川 17816
72%
40 大竹 5148
68%
31 瀬野 6734
66%
7 向洋 18830
64%
34 6114
61%
33 八本松 6406
60%
6 本通 23019
56%
25 東福山 7590
52%
13 大町 15872
50%
15 新井口 13518
50%
41 安芸中野 5004
48%
16 矢野 13322
45%
23 宮内串戸 8220
45%
35 新広 6100
45%
50 中野東 3988
45%
14 県庁前 14904
43%
43 緑井 4446
43%
24 松永 7658
40%
38 広電宮島口 5338
36%
21 西高屋 8692
35%
45 大門 4186
33%
47 寺家 4090
33%
18 下祇園 10242
28%
37 安芸長束 5622
27%
28 広電五日市 7312
26%
48 安芸阿賀 4070
26%
49 祇園新橋北 3995
20%
22 中筋 8281
18%
26 西原 7574
16%
42 不動院前 4475
16%
27 安東 7403
13%
32 商工センター入口 6486
13%
44 上安 4186
13%
30 楽々園 7038
10%
39 古江 5174
8%
46 修大協創中高前 4120
6%
No matching quizzes found
Score Distribution
Percent of People with Each Score
Percentile by Number Answered
Your Score History
You have not taken this quiz